000 01262nam a2200193Ia 4500
999 _c39780
_d39780
001 6385
003 GE_BSU
005 20211208135458.0
008 181216s2008||||ge |||||||||||||| ||geo||
040 _cGE_BSU
041 _ageo
080 _a004.9(075.8) ს-96
100 _aსურმანიძე, ზ.
_91142
245 _aკომპიუტერული ტექნოლოგიები : (ლექციები და პრაქტიკული სამუშაოები საფაკულტეტო სწავლებისათვის) :
_bმონაცემი,ფაილი,ფოლდერი. პერსონალური კომპიუტერის ტექნიკური ნაწილი.გამოთვლ.ტექნ.განვით.ქრონოლოგია. სისტემური ბლოკი,მონიტორი,მაუსი,დამატ.მოწყობილ.პერსონ. კომპიუტ.პროგრ. /
_cზ. სურმანიძე.
264 _aბათუმი,
_c2008.
300 _a194 გვ.;
_b20 სმ.
653 _aკომპიუტერული ტექნოლოგიები
942 _cBK
_2udc